000 01051nam a2200301 a 4500
003 DO-SdBPM
005 20260522124226.0
007 ta
008 180316s2005 cl 000 spa d
020 _a9586710963
040 _a DO-SdBPM
_bspa
_cBPMSU
_erda
082 0 4 _a028
_bT693m 2005
_222
100 1 _aTorres, Carolina.
_eautor
_4aut.
_d
245 1 0 _aMil maneras de leer:
_bguía prácitca para navegar en la biblioteca /
_c texto Carolina Torres, Lía de Roux
264 _aSanto Domingo :
_bGrupo Creativo,
_c2017
300 _a133 páginas ;
_c22 cm.
336 _atexto
_btxt
_2rdacontente
337 _asin mediación
_bn
_2rdamedia
338 _avolumen
_bnc
_2rdacarrier
500 _a De 16 años en adelante
590 _aInventariado,2026/VM
630 1 7 _aMil maneras de leer (Programa)
_zColombia.
650 7 _aLibros y lectura para juvenes
650 7 _a Promoción de la lectura
_zColombia.
700 1 _aRoux de Caicedo, Lía de,
_d1947-
_eautora
910 _aVMateo V. Control de calidad. BPMSU
942 _2ddc
_cBK
999 _c15865
_d15865